Vista normal
Vista MARC
Entrada Personal Name
Número de registros utilizados en: 1
001 - CONTROL NUMBER
- control field: 33
003 - CONTROL NUMBER IDENTIFIER
- control field: DO-SdBNP
005 - DATE AND TIME OF LATEST TRANSACTION
- control field: 20160819103410.0
008 - FIXED-LENGTH DATA ELEMENTS
- fixed length control field: 160819|| aca||aabn | a|a d
040 ## - CATALOGING SOURCE
- Original cataloging agency: DO-SdBNP
100 1# - HEADING--PERSONAL NAME
- Personal name: Peters, Elizabeth,
- Dates associated with a name: 1927-
500 ## - SEE ALSO FROM TRACING--PERSONAL NAME
- Personal name: Mertz , Barbara
- Dates associated with a name: 1927-
663 ## - COMPLEX SEE ALSO REFERENCE--NAME
- Explanatory text: Las obras de esta autora se registran bajo el nombre Peters, Elizabeth seudónimo de Mertz Barbara. Para obtener una lista de otros nombres utilizados por este autor , buscar también por: | b Mertz , Barbara
670 ## - SOURCE DATA FOUND
- Source citation: Y él hará retumbar el cielo, 2008.
- Information found: p. 2 Elizabeth Peters, Illinois, 1927
670 ## - SOURCE DATA FOUND
- Source citation: Y él hará retumbar el cielo, 2008.
- Information found: p.2 seudónimo de Barbara Mertz